Normal view
MARC view
Entry Personal Name
001 - CONTROL NUMBER
- control field: 378
003 - CONTROL NUMBER IDENTIFIER
- control field: OSt
005 - DATE AND TIME OF LATEST TRANSACTION
- control field: 20140708165034.0
008 - FIXED-LENGTH DATA ELEMENTS
- fixed length control field: 140708|| aca||aabn | a|a d
040 ## - CATALOGING SOURCE
- Original cataloging agency: OSt
- Transcribing agency: OSt
100 ## - HEADING--PERSONAL NAME
- Personal name: Felten, David L.
670 ## - SOURCE DATA FOUND
- Source citation: Work cat.: (OSt)144: Felten, David L., Netter's atlas of neuroscience /, 2010.
